Unilateral NMR: Principles and applications to quality control of elastomer products (Record no. 71754)

MARC details
000 -LEADER
fixed length control field 00586nam a2200217Ia 4500
100 ## - MAIN ENTRY--AUTHOR NAME
Personal name Blumich B
245 #0 - TITLE STATEMENT
Title Unilateral NMR: Principles and applications to quality control of elastomer products
260 ## - PUBLICATION, DISTRIBUTION, ETC. (IMPRINT)
Name of publisher Kautschuk Gummi Kunststoffe
Year of publication 2004
300 ## - PHYSICAL DESCRIPTION
Number of Pages 346-349
650 ## - SUBJECT ADDED ENTRY--TOPICAL TERM
Topical Term Elastomers
650 ## - SUBJECT ADDED ENTRY--TOPICAL TERM
Topical Term Non-destructive testing
650 ## - SUBJECT ADDED ENTRY--TOPICAL TERM
Topical Term Quality control
650 ## - SUBJECT ADDED ENTRY--TOPICAL TERM
Topical Term Unilateral NMR
700 ## - ADDED ENTRY--PERSONAL NAME
Personal name Anferova S
700 ## - ADDED ENTRY--PERSONAL NAME
Personal name Casanova F
700 ## - ADDED ENTRY--PERSONAL NAME
Personal name Kremer K
700 ## - ADDED ENTRY--PERSONAL NAME
Personal name Perlo J
700 ## - ADDED ENTRY--PERSONAL NAME
Personal name Sharma S
942 ## - ADDED ENTRY ELEMENTS (KOHA)
Koha item type Journals
Holdings
Withdrawn status Lost status Damaged status Not for loan Home library Current library Shelving location Date acquired Serial Enumeration / chronology Koha item type
      Journals RRII Library RRII Library Rubber chemistry 17/12/2021 Volume 57, Issue 08-Jul Journals